000 00674nam a2200289Ia 4500
005 20260324124650.0
008 008 260324s9999 xx 000 0 eng d
020 _a9781351314886
037 _aEBOOK
040 _aCRL
040 _beng
040 _cCRL
041 _2eng
041 _aeng
084 _qCRL
100 _aStefan Zweig
_91172388
245 0 _aBalzac, Dickens, Dostoevsky
245 0 _bMaster Builders of the Spirit
260 _bTaylor and Francis
260 _c2010
365 _a
365 _b230
856 _uhttp://www.taylorfrancis.com/books/9781351314886
942 _cEBOOK
999 _c1769601
_d1769601